ÇİKOLATA KAPLI HÜZÜNLER (Record no. 1229329)

MARC details
000 -LEADER
sabit uzunluktaki kontrol alanı 00255nam a2200097Ia 4500
001 - KONTROL NUMARASI
kontrol alanı 1229329
005 - EN SON İŞLEMİN TARİH VE ZAMANI
kontrol alanı 20250827093059.0
008 - SABİT-UZUNLUKTA VERİ ÖĞELERİ--GENEL BİLGİ
sabit uzunluktaki kontrol alanı 250824s9999 xx 000 0 und d
245 #0 - ESER / YAZAR
ESER ADI ÇİKOLATA KAPLI HÜZÜNLER
Yazar Adı CANAN TAN
260 ## - YAYIN, DAĞITIM, VB.
YAYIN EVİ ALTIN KİTAP YAYINLARI
Holdings
Düşüm durumu Kayıp durumu Hasar Durumu Ödünç verilmez Ana kütüphane Geçerli Kütüphane Edinilen tarih Toplam ödünç verme sayısı Barkod Son görüntüleme tarihi Son ödünç verme tarihi Fiyatın geçerli olmaya başladığı tarih Koha materyal türü
        ŞEHİT TEĞMEN BAYRAM OLGUN İMAM HATİP ORTAOKULU ŞEHİT TEĞMEN BAYRAM OLGUN İMAM HATİP ORTAOKULU 24.08.2025 1 11023096 09.01.2026 05.01.2026 27.08.2025 Books